Who Developed It? - Statistics

General Stats
  • This quiz has been taken 14 times
  • The average score is 7 of 20
Answer Stats
Hint Answer % Correct
Super Mario Oddysey Nintendo
73%
Fortnite Epic Games
64%
Minecraft Mojang
55%
Mario & Sonic at the Olympic Games Sega Sports R&D
55%
Pokémon Black Game Freak
45%
Grim Fandango LucasArts
45%
Crash Tag Team Racing Radical Entertainment
45%
Among Us Innersloth
36%
Professor Layton Level-5
36%
Viva Piñata Rare
36%
Angry Birds Rovio
36%
Samba De Amigo Sonic Team
36%
The Binding Of Isaac: Rebirth Nicalis
27%
FIve Nights at Freddy’s: Security Breach Steel Wool Studios
27%
Hollow Knight Team Cherry
27%
Ecco The Dolphin Appaloosa Interactive
18%
Tetris 99 Arika
18%
Inscryption Daniel Mullins Games
18%
The Desolate Hope Scott Cawthon
18%
Bugsnax Young Horses
18%
No matching quizzes found
Score Distribution
Percent of People with Each Score
Percentile by Number Answered
Your Score History
You have not taken this quiz